00717nam a2200205Ia 450000500170000000800410001702000190005808200190007710000460009624500470014225000120018926000400020130000110024150000320025265000240028465000140030894200070032299900170032995201650034620260421110033.0260421s9999 xx 000 0 und d a978-1305262997 a332.632bREI-I aReilly, FrankaKeith BrownaSanford Leeds 0aInvestment Analysis & Portfolio Management a11th Ed bCengage LearningaBoston, USAc2019 a821 p. aIncludes Glossary and Index aFinancial economics aeconomics cBK c47359d47359 00w2026-04-211040708EconomicsaAUKCbAUKCcEconomicsd2026-04-09eAli Books Serviceg4394.50iKA/10221l0o332.632 REI-IpAUKHP0588r2026-04-21 11:04:15yBK